000 01532nam a2200337Ia 4500
001 ebr10329831
003 CaPaEBR
006 m u
007 cr cn|||||||||
008 090904s2009 gw a sb 101 0 ger d
020 _z9783110207125 (hd.bd.)
040 _aCaPaEBR
_cCaPaEBR
035 _a(OCoLC)646828354
050 1 4 _aB2799.N37
_bK36 2009eb
245 0 0 _aKants Philosophie der Natur
_h[electronic resource] :
_bihre Entwicklung im Opus postumum und ihre Wirkung /
_cherausgegeben von Ernst-Otto Onnasch.
246 3 0 _aIhre Entwicklung im Opus postumum und ihre Wirkung
260 _aBerlin ;
_aNew York :
_bWalter de Gruyter,
_cc2009.
300 _aviii, 470 p. :
_bill.
500 _aPapers presented at a conference held in Amsterdam on September 2007.
504 _aIncludes bibliographical references and index.
533 _aElectronic reproduction.
_bPalo Alto, Calif. :
_cebrary,
_d2009.
_nAvailable via World Wide Web.
_nAccess may be limited to ebrary affiliated libraries.
546 _aIn German, with five English contributions.
600 1 0 _aKant, Immanuel,
_d1724-1804
_vCongresses.
600 1 0 _aKant, Immanuel,
_d1724-1804.
_tOpus postunum
_vCongresses.
650 0 _aPhilosophy of nature
_vCongresses.
650 0 _aPhilosophy, German
_vCongresses.
655 7 _aElectronic books.
_2local
700 1 _aOnnasch, Ernst-Otto Jan.
710 2 _aebrary, Inc.
856 4 0 _uhttp://site.ebrary.com/lib/rucke/Doc?id=10329831
_zAn electronic book accessible through the World Wide Web; click to view
999 _c55670
_d55670